<?xml version="1.0" encoding="UTF-8"?>
<collection xmlns="http://www.loc.gov/MARC21/slim">
 <record>
  <leader>00906pamaa2200229   4500</leader>
  <controlfield tag="001">0000046847</controlfield>
  <controlfield tag="005">20121206090000.0</controlfield>
  <controlfield tag="008">100312                             eng  </controlfield>
  <datafield tag="020" ind1="0" ind2="0">
   <subfield code="a">9780691127859 (pbk.) </subfield>
  </datafield>
  <datafield tag="090" ind1="0" ind2="0">
   <subfield code="a">QC774.A2 </subfield>
   <subfield code="b">SCH 2000</subfield>
  </datafield>
  <datafield tag="100" ind1="1" ind2="0">
   <subfield code="a">Schweber </subfield>
  </datafield>
  <datafield tag="245" ind1="1" ind2="0">
   <subfield code="a">In the shadow of the bomb : </subfield>
   <subfield code="b">Bethe, Oppenheimer, and the moral responsibility of the scientist  </subfield>
   <subfield code="c">S.S. Schweber.</subfield>
  </datafield>
  <datafield tag="260" ind1="0" ind2="0">
   <subfield code="a">Princeton, N.J.: </subfield>
   <subfield code="b">Princeton University Press, </subfield>
   <subfield code="c">2000.</subfield>
  </datafield>
  <datafield tag="300" ind1=" " ind2=" ">
   <subfield code="a">xviii, 260 p.: </subfield>
   <subfield code="b">ill.; </subfield>
   <subfield code="c">24 cm.</subfield>
  </datafield>
  <datafield tag="440" ind1="0" ind2="0">
   <subfield code="a">Princeton series in physics</subfield>
  </datafield>
  <datafield tag="501" ind1="0" ind2="0">
   <subfield code="a">FAS</subfield>
  </datafield>
  <datafield tag="504" ind1="0" ind2="0">
   <subfield code="a">Includes bibliographical references (p. 239-255) and index</subfield>
  </datafield>
  <datafield tag="600" ind1="1" ind2="0">
   <subfield code="a">Oppenheimer, </subfield>
   <subfield code="h">J. Robert, </subfield>
   <subfield code="c">1904-1967</subfield>
  </datafield>
  <datafield tag="600" ind1="1" ind2="0">
   <subfield code="a">Bethe, </subfield>
   <subfield code="h">Hans A., </subfield>
   <subfield code="c">1906-2005</subfield>
  </datafield>
  <datafield tag="650" ind1="0" ind2="0">
   <subfield code="a">Atomic bomb -- </subfield>
   <subfield code="x">Moral and ethical aspects -- </subfield>
   <subfield code="z">United States </subfield>
  </datafield>
  <datafield tag="650" ind1="0" ind2="0">
   <subfield code="a">Nuclear physicists -- </subfield>
   <subfield code="x">Biography -- </subfield>
   <subfield code="z">United States </subfield>
  </datafield>
  <datafield tag="901" ind1=" " ind2=" ">
   <subfield code="u">www.pup.princeton.edu</subfield>
  </datafield>
 </record>
</collection>
